000 00633nam a2200169 i 4500
001 190231
003 ES-MaACL
005 20250930063201.0
008 200918s1879 sp |||| | spa d
100 1 _aPascual y Genis, Cristóbal,
_d1823-1881
_9170337
245 1 0 _aDiscurso leído en la Academia Valenciana de Legislación y Jurisprudencia en el curso de 1879 a 1880 /
_cpor D. Cristóbal Pascual y Genís.
260 _aValencia :
_b[s.n.],
_c1879 (
_fImp. de Emilio Pascual)
300 _a30 p. ;
_c24 cm.
500 _aTema: Los principios del Derecho.
852 _aES-MaACL
_jT-1269-F-10
999 _c190231
_d190231